| 000 | 00826nam a2200277Ia 4500 | ||
|---|---|---|---|
| 001 | Para_8031 | ||
| 003 | CHAP | ||
| 008 | 220125s1915 xx 000 0 und d | ||
| 010 | _a206960 | ||
| 040 | _cCHAP | ||
| 082 | _aPA-C 595.75 H4 | ||
| 100 |
_aOsborn, Herbert _984164 |
||
| 245 |
_aLeaf hoppers of Maine / _c by Herbert Osborn |
||
| 300 | _a81-160 p. | ||
| 440 |
_aHemiptera; 12 _9172048 |
||
| 500 | _aEncuadernado con con otros escritos similares | ||
| 650 |
_aHemÃpteros _x colecciones de escritos Leafhoppers Cicadellidae _9173373 |
||
| 710 |
_aMaine. Agricultural Experiment Station. Bulletin; 238 _9173374 |
||
| 901 | _aPA-C 595.75 H4 | ||
| 902 | _aA | ||
| 905 | _a0000001915 0000000000 00 | ||
| 910 | _a1915 | ||
| 942 | _cPARA | ||
| 942 |
_cPARA _d1 |
||
| 999 |
_c206960 _d206960 |
||